00537pab a2200157 454500008004000000100002200040245007800062260000900140300001400149362001100163650002800174773004600202909001000248999001700258952010400275180718b2005 xxu||||| |||| 00| 0 eng d aBrooks, Arthur C. aWhat do nonprofit organizations seek? (and why should policymakers care?) c2005 ap.543-58. aSpring aNonprofit organizations aJournal of Policy Analysis and Management a66361 c66361d66361 00104070aIIPAbIIPAd2018-07-19hVolume no: 24, Issue no: 3pAR66813r2018-07-19w2018-07-19yAR